Eaters of the dead : the manuscript of Ibn Fadlan relating his experiences with the Northmen in A.D. 922.
It is 922 A.D. The refined Arab courtier Ibn Fadlan is accompanying a party of Viking warriors back to their home. He is appalled by their customs—the gratuitous sexuality of their women, their disregard for cleanliness, and their cold-blooded sacrifices. As they enter the frozen, forbidden landscape of the North—where the day’s length does not equal the night’s, where after sunset the sky burns in streaks of color—Fadlan soon discovers that he has been unwillingly enlisted to combat the terrors in the night that come to slaughter the Vikings, the monsters of the mist that devour human flesh. But just how he will do it, Fadlan has no idea.
Record details
- ISBN: 0394494008
- ISBN: 9780394494005
- ISBN: 9780061782633
- ISBN: 0061782637
- ISBN: 9780345354617
- ISBN: 0345354613
- Physical Description: 278 pages ; 18 cm.
- Edition: First Ballantine Books edition.
- Publisher: New York : Ballantine Books, ©1988, c1976.
Search for related items by subject
| Subject: | Ibn Faḍlān, Aḥmad, active 922 > Fiction. Beowulf > Adaptations. Heroes > Scandinavia > Fiction. Northmen > Fiction. Monsters > Fiction. Vikings > Fiction. Dragons > Fiction. Scandinavia. |
| Genre: | Fantasy fiction. Historical fiction. |
Available copies
- 1 of 1 copy available at scottsboropl.
Holds
- 0 current holds with 1 total copy.
Show Only Available Copies
| Location | Call Number / Copy Notes | Barcode | Shelving Location | Status | Due Date |
|---|---|---|---|---|---|
| scottsboropl | F Cri | 32269001066755 | Storage - Adult | Available | - |
| LDR | 01226cam a2200313Ia 4500 | ||
|---|---|---|---|
| 001 | 136449 | ||
| 003 | SBPL | ||
| 005 | 20220810205023.0 | ||
| 008 | 980327r19881976nyu 000 1 eng d | ||
| 020 | . | ‡a0394494008 | |
| 020 | . | ‡a9780394494005 | |
| 020 | . | ‡a9780061782633 | |
| 020 | . | ‡a0061782637 | |
| 020 | . | ‡a9780345354617 | |
| 020 | . | ‡a0345354613 | |
| 035 | . | ‡a(CONS)136449 | |
| 035 | . | ‡a(CPomAG)LMN563859 | |
| 050 | 4. | ‡aPS3553.R48 ‡bE27 1988 | |
| 082 | 0 | 4. | ‡a813.54 |
| 100 | 1 | . | ‡aCrichton, Michael, ‡d1942-2008. : ‡eauthor |
| 245 | 1 | 0. | ‡aEaters of the dead : ‡bthe manuscript of Ibn Fadlan relating his experiences with the Northmen in A.D. 922. |
| 246 | 0 | 1. | ‡aThe 13th warrior |
| 250 | . | ‡aFirst Ballantine Books edition. | |
| 260 | . | ‡aNew York : ‡bBallantine Books, ‡c©1988, c1976. | |
| 300 | . | ‡a278 pages ; ‡c18 cm. | |
| 336 | . | ‡atext ‡2rdacontent | |
| 337 | . | ‡aunmediated ‡2rdamedia | |
| 338 | . | ‡avolume ‡2rdacarrier | |
| 520 | . | ‡aIt is 922 A.D. The refined Arab courtier Ibn Fadlan is accompanying a party of Viking warriors back to their home. He is appalled by their customs—the gratuitous sexuality of their women, their disregard for cleanliness, and their cold-blooded sacrifices. As they enter the frozen, forbidden landscape of the North—where the day’s length does not equal the night’s, where after sunset the sky burns in streaks of color—Fadlan soon discovers that he has been unwillingly enlisted to combat the terrors in the night that come to slaughter the Vikings, the monsters of the mist that devour human flesh. But just how he will do it, Fadlan has no idea. | |
| 600 | 1 | 0. | ‡aIbn Faḍlān, Aḥmad, ‡dactive 922 ‡vFiction. |
| 630 | 0 | 0. | ‡aBeowulf ‡vAdaptations. |
| 650 | 0. | ‡aHeroes ‡zScandinavia ‡vFiction. | |
| 650 | 0. | ‡aNorthmen ‡vFiction. | |
| 650 | 0. | ‡aMonsters ‡vFiction. | |
| 650 | 0. | ‡aVikings ‡vFiction. | |
| 650 | 0. | ‡aDragons ‡vFiction. | |
| 651 | 7. | ‡aScandinavia. | |
| 655 | 7. | ‡aFantasy fiction. ‡2lcgft | |
| 655 | 7. | ‡aHistorical fiction. ‡2lcgft | |
| 901 | . | ‡a136449 ‡bUnknown ‡c136449 ‡tbiblio | |